<?xml version="1.0" encoding="UTF-8"?>
<marc:record xmlns:marc="http://www.loc.gov/MARC21/slim" type="Bibliographic">
   <marc:leader>00000pam a2200000 c 4500</marc:leader>
   <marc:controlfield tag="001">950377023</marc:controlfield>
   <marc:controlfield tag="003">DE-101</marc:controlfield>
   <marc:controlfield tag="005">20171203020631.0</marc:controlfield>
   <marc:controlfield tag="007">tu</marc:controlfield>
   <marc:controlfield tag="008">970505s1997    gw ||||| |||| 00||||ger  </marc:controlfield>
   <marc:datafield ind1=" " ind2=" " tag="015">
      <marc:subfield code="a">97,A46,0270</marc:subfield>
      <marc:subfield code="z">97,N32,0460</marc:subfield>
      <marc:subfield code="2">dnb</marc:subfield>
   </marc:datafield>
   <marc:datafield ind1="7" ind2=" " tag="016">
      <marc:subfield code="2">DE-101</marc:subfield>
      <marc:subfield code="a">950377023</marc:subfield>
   </marc:datafield>
   <marc:datafield ind1=" " ind2=" " tag="020">
      <marc:subfield code="a">9783854477419</marc:subfield>
      <marc:subfield code="c">Pp. : DM 49.90, sfr 46.00, S 364.00</marc:subfield>
      <marc:subfield code="9">978-3-85447-741-9</marc:subfield>
   </marc:datafield>
   <marc:datafield ind1=" " ind2=" " tag="020">
      <marc:subfield code="a">3854477414</marc:subfield>
      <marc:subfield code="c">Pp. : DM 49.90, sfr 46.00, S 364.00</marc:subfield>
      <marc:subfield code="9">3-85447-741-4</marc:subfield>
   </marc:datafield>
   <marc:datafield ind1=" " ind2=" " tag="035">
      <marc:subfield code="a">(DE-599)DNB950377023</marc:subfield>
   </marc:datafield>
   <marc:datafield ind1=" " ind2=" " tag="035">
      <marc:subfield code="a">(OCoLC)231708477</marc:subfield>
   </marc:datafield>
   <marc:datafield ind1=" " ind2=" " tag="040">
      <marc:subfield code="a">1140</marc:subfield>
      <marc:subfield code="b">ger</marc:subfield>
      <marc:subfield code="c">DE-101</marc:subfield>
      <marc:subfield code="d">9999</marc:subfield>
   </marc:datafield>
   <marc:datafield ind1=" " ind2=" " tag="041">
      <marc:subfield code="a">ger</marc:subfield>
      <marc:subfield code="h">fre</marc:subfield>
   </marc:datafield>
   <marc:datafield ind1=" " ind2=" " tag="044">
      <marc:subfield code="c">XA-DE</marc:subfield>
   </marc:datafield>
   <marc:datafield ind1=" " ind2=" " tag="084">
      <marc:subfield code="a">13</marc:subfield>
      <marc:subfield code="a">32</marc:subfield>
      <marc:subfield code="a">25</marc:subfield>
      <marc:subfield code="a">63</marc:subfield>
      <marc:subfield code="a">09</marc:subfield>
      <marc:subfield code="a">200</marc:subfield>
      <marc:subfield code="a">220</marc:subfield>
      <marc:subfield code="a">290</marc:subfield>
      <marc:subfield code="q">DE-101</marc:subfield>
      <marc:subfield code="2">sdnb</marc:subfield>
   </marc:datafield>
   <marc:datafield ind1=" " ind2=" " tag="084">
      <marc:subfield code="a">24.2b</marc:subfield>
      <marc:subfield code="a">3.1</marc:subfield>
      <marc:subfield code="a">24.2b</marc:subfield>
      <marc:subfield code="a">24.2b</marc:subfield>
      <marc:subfield code="a">3.1</marc:subfield>
      <marc:subfield code="a">17.2</marc:subfield>
      <marc:subfield code="a">3.1</marc:subfield>
      <marc:subfield code="a">17.2</marc:subfield>
      <marc:subfield code="a">3.1</marc:subfield>
      <marc:subfield code="q">DE-101</marc:subfield>
      <marc:subfield code="2">sswd</marc:subfield>
   </marc:datafield>
   <marc:datafield ind1=" " ind2=" " tag="090">
      <marc:subfield code="a">b</marc:subfield>
   </marc:datafield>
   <marc:datafield ind1="0" ind2="0" tag="245">
      <marc:subfield code="a">Magie und Mythos der Bäume</marc:subfield>
      <marc:subfield code="c">Marie-France Boyer. [Übers.: Ingrid Fasching]</marc:subfield>
   </marc:datafield>
   <marc:datafield ind1=" " ind2=" " tag="250">
      <marc:subfield code="a">1. Aufl.</marc:subfield>
   </marc:datafield>
   <marc:datafield ind1=" " ind2=" " tag="259">
      <marc:subfield code="a">11</marc:subfield>
   </marc:datafield>
   <marc:datafield ind1=" " ind2="1" tag="264">
      <marc:subfield code="a">Wien</marc:subfield>
      <marc:subfield code="a">München</marc:subfield>
      <marc:subfield code="b">Ed. Brandstätter</marc:subfield>
      <marc:subfield code="c">1997</marc:subfield>
   </marc:datafield>
   <marc:datafield ind1=" " ind2=" " tag="300">
      <marc:subfield code="a">112 S.</marc:subfield>
      <marc:subfield code="b">überw. Ill.</marc:subfield>
      <marc:subfield code="c">24 cm</marc:subfield>
   </marc:datafield>
   <marc:datafield ind1=" " ind2=" " tag="336">
      <marc:subfield code="a">unbewegtes Bild</marc:subfield>
      <marc:subfield code="b">sti</marc:subfield>
      <marc:subfield code="2">rdacontent</marc:subfield>
   </marc:datafield>
   <marc:datafield ind1=" " ind2=" " tag="337">
      <marc:subfield code="a">ohne Hilfsmittel zu benutzen</marc:subfield>
      <marc:subfield code="b">n</marc:subfield>
      <marc:subfield code="2">rdamedia</marc:subfield>
   </marc:datafield>
   <marc:datafield ind1=" " ind2=" " tag="338">
      <marc:subfield code="a">Band</marc:subfield>
      <marc:subfield code="b">nc</marc:subfield>
      <marc:subfield code="2">rdacarrier</marc:subfield>
   </marc:datafield>
   <marc:datafield ind1=" " ind2="7" tag="650">
      <marc:subfield code="0">(DE-588)4004845-7</marc:subfield>
      <marc:subfield code="0">http://d-nb.info/gnd/4004845-7</marc:subfield>
      <marc:subfield code="0">(DE-101)040048454</marc:subfield>
      <marc:subfield code="a">Baum</marc:subfield>
      <marc:subfield code="2">gnd</marc:subfield>
   </marc:datafield>
   <marc:datafield ind1=" " ind2="7" tag="650">
      <marc:subfield code="0">(DE-588)4004845-7</marc:subfield>
      <marc:subfield code="0">http://d-nb.info/gnd/4004845-7</marc:subfield>
      <marc:subfield code="0">(DE-101)040048454</marc:subfield>
      <marc:subfield code="a">Baum</marc:subfield>
      <marc:subfield code="2">gnd</marc:subfield>
   </marc:datafield>
   <marc:datafield ind1=" " ind2="7" tag="650">
      <marc:subfield code="0">(DE-588)4075159-4</marc:subfield>
      <marc:subfield code="0">http://d-nb.info/gnd/4075159-4</marc:subfield>
      <marc:subfield code="0">(DE-101)040751597</marc:subfield>
      <marc:subfield code="a">Mythos</marc:subfield>
      <marc:subfield code="2">gnd</marc:subfield>
   </marc:datafield>
   <marc:datafield ind1=" " ind2="7" tag="650">
      <marc:subfield code="0">(DE-588)4004845-7</marc:subfield>
      <marc:subfield code="0">http://d-nb.info/gnd/4004845-7</marc:subfield>
      <marc:subfield code="0">(DE-101)040048454</marc:subfield>
      <marc:subfield code="a">Baum</marc:subfield>
      <marc:subfield code="2">gnd</marc:subfield>
   </marc:datafield>
   <marc:datafield ind1=" " ind2="7" tag="650">
      <marc:subfield code="0">(DE-588)4058716-2</marc:subfield>
      <marc:subfield code="0">http://d-nb.info/gnd/4058716-2</marc:subfield>
      <marc:subfield code="0">(DE-101)040587169</marc:subfield>
      <marc:subfield code="a">Symbol</marc:subfield>
      <marc:subfield code="2">gnd</marc:subfield>
   </marc:datafield>
   <marc:datafield ind1=" " ind2="7" tag="650">
      <marc:subfield code="0">(DE-588)4144171-0</marc:subfield>
      <marc:subfield code="0">http://d-nb.info/gnd/4144171-0</marc:subfield>
      <marc:subfield code="0">(DE-101)041441710</marc:subfield>
      <marc:subfield code="a">Baumkult</marc:subfield>
      <marc:subfield code="2">gnd</marc:subfield>
   </marc:datafield>
   <marc:datafield ind1=" " ind2="7" tag="650">
      <marc:subfield code="0">(DE-588)4312427-6</marc:subfield>
      <marc:subfield code="0">http://d-nb.info/gnd/4312427-6</marc:subfield>
      <marc:subfield code="0">(DE-101)043124275</marc:subfield>
      <marc:subfield code="a">Heiliger Baum</marc:subfield>
      <marc:subfield code="2">gnd</marc:subfield>
   </marc:datafield>
   <marc:datafield ind1=" " ind2="7" tag="655">
      <marc:subfield code="0">(DE-588)4145395-5</marc:subfield>
      <marc:subfield code="0">http://d-nb.info/gnd/4145395-5</marc:subfield>
      <marc:subfield code="0">(DE-101)041453956</marc:subfield>
      <marc:subfield code="a">Bildband</marc:subfield>
      <marc:subfield code="2">gnd-content</marc:subfield>
   </marc:datafield>
   <marc:datafield ind1=" " ind2="7" tag="655">
      <marc:subfield code="a">Bildband</marc:subfield>
      <marc:subfield code="2">gnd</marc:subfield>
   </marc:datafield>
   <marc:datafield ind1="0" ind2="0" tag="689">
      <marc:subfield code="0">(DE-588)4004845-7</marc:subfield>
      <marc:subfield code="0">http://d-nb.info/gnd/4004845-7</marc:subfield>
      <marc:subfield code="0">(DE-101)040048454</marc:subfield>
      <marc:subfield code="D">s</marc:subfield>
      <marc:subfield code="a">Baum</marc:subfield>
   </marc:datafield>
   <marc:datafield ind1="0" ind2="1" tag="689">
      <marc:subfield code="A">f</marc:subfield>
      <marc:subfield code="a">Bildband</marc:subfield>
   </marc:datafield>
   <marc:datafield ind1="0" ind2=" " tag="689">
      <marc:subfield code="5">DE-101</marc:subfield>
      <marc:subfield code="5">DE-101</marc:subfield>
   </marc:datafield>
   <marc:datafield ind1="1" ind2="0" tag="689">
      <marc:subfield code="0">(DE-588)4004845-7</marc:subfield>
      <marc:subfield code="0">http://d-nb.info/gnd/4004845-7</marc:subfield>
      <marc:subfield code="0">(DE-101)040048454</marc:subfield>
      <marc:subfield code="D">s</marc:subfield>
      <marc:subfield code="a">Baum</marc:subfield>
   </marc:datafield>
   <marc:datafield ind1="1" ind2="1" tag="689">
      <marc:subfield code="0">(DE-588)4075159-4</marc:subfield>
      <marc:subfield code="0">http://d-nb.info/gnd/4075159-4</marc:subfield>
      <marc:subfield code="0">(DE-101)040751597</marc:subfield>
      <marc:subfield code="D">s</marc:subfield>
      <marc:subfield code="a">Mythos</marc:subfield>
   </marc:datafield>
   <marc:datafield ind1="1" ind2=" " tag="689">
      <marc:subfield code="5">DE-101</marc:subfield>
      <marc:subfield code="5">DE-101</marc:subfield>
   </marc:datafield>
   <marc:datafield ind1="2" ind2="0" tag="689">
      <marc:subfield code="0">(DE-588)4004845-7</marc:subfield>
      <marc:subfield code="0">http://d-nb.info/gnd/4004845-7</marc:subfield>
      <marc:subfield code="0">(DE-101)040048454</marc:subfield>
      <marc:subfield code="D">s</marc:subfield>
      <marc:subfield code="a">Baum</marc:subfield>
   </marc:datafield>
   <marc:datafield ind1="2" ind2="1" tag="689">
      <marc:subfield code="0">(DE-588)4058716-2</marc:subfield>
      <marc:subfield code="0">http://d-nb.info/gnd/4058716-2</marc:subfield>
      <marc:subfield code="0">(DE-101)040587169</marc:subfield>
      <marc:subfield code="D">s</marc:subfield>
      <marc:subfield code="a">Symbol</marc:subfield>
   </marc:datafield>
   <marc:datafield ind1="2" ind2=" " tag="689">
      <marc:subfield code="5">DE-101</marc:subfield>
      <marc:subfield code="5">DE-101</marc:subfield>
   </marc:datafield>
   <marc:datafield ind1="3" ind2="0" tag="689">
      <marc:subfield code="0">(DE-588)4144171-0</marc:subfield>
      <marc:subfield code="0">http://d-nb.info/gnd/4144171-0</marc:subfield>
      <marc:subfield code="0">(DE-101)041441710</marc:subfield>
      <marc:subfield code="D">s</marc:subfield>
      <marc:subfield code="a">Baumkult</marc:subfield>
   </marc:datafield>
   <marc:datafield ind1="3" ind2=" " tag="689">
      <marc:subfield code="5">DE-101</marc:subfield>
      <marc:subfield code="5">DE-101</marc:subfield>
   </marc:datafield>
   <marc:datafield ind1="4" ind2="0" tag="689">
      <marc:subfield code="0">(DE-588)4312427-6</marc:subfield>
      <marc:subfield code="0">http://d-nb.info/gnd/4312427-6</marc:subfield>
      <marc:subfield code="0">(DE-101)043124275</marc:subfield>
      <marc:subfield code="D">s</marc:subfield>
      <marc:subfield code="a">Heiliger Baum</marc:subfield>
   </marc:datafield>
   <marc:datafield ind1="4" ind2=" " tag="689">
      <marc:subfield code="5">DE-101</marc:subfield>
      <marc:subfield code="5">DE-101</marc:subfield>
   </marc:datafield>
   <marc:datafield ind1="1" ind2=" " tag="700">
      <marc:subfield code="0">(DE-588)132037378</marc:subfield>
      <marc:subfield code="0">http://d-nb.info/gnd/132037378</marc:subfield>
      <marc:subfield code="0">(DE-101)132037378</marc:subfield>
      <marc:subfield code="a">Boyer, Marie-France</marc:subfield>
      <marc:subfield code="d">1942-</marc:subfield>
      <marc:subfield code="e">Mitwirkender</marc:subfield>
      <marc:subfield code="4">ctb</marc:subfield>
   </marc:datafield>
   <marc:datafield ind1="1" ind2=" " tag="700">
      <marc:subfield code="0">(DE-588)115351981</marc:subfield>
      <marc:subfield code="0">http://d-nb.info/gnd/115351981</marc:subfield>
      <marc:subfield code="0">(DE-101)115351981</marc:subfield>
      <marc:subfield code="a">Fasching, Ingrid</marc:subfield>
      <marc:subfield code="e">Übersetzer</marc:subfield>
      <marc:subfield code="4">trl</marc:subfield>
   </marc:datafield>
   <marc:datafield ind1="0" ind2="2" tag="730">
      <marc:subfield code="a">&#x98;Le&#x9c; langage des arbres</marc:subfield>
      <marc:subfield code="g">dt.</marc:subfield>
   </marc:datafield>
   <marc:datafield ind1=" " ind2=" " tag="850">
      <marc:subfield code="a">DE-101a</marc:subfield>
      <marc:subfield code="a">DE-101b</marc:subfield>
   </marc:datafield>
   <marc:datafield ind1="r" ind2=" " tag="925">
      <marc:subfield code="a">ra</marc:subfield>
   </marc:datafield>
</marc:record>
